000 00291nam a2200121Ia 4500
008 221030s9999 xx 000 0 und d
041 _aEnglish
100 _aS. Y. Liao
245 0 _aMicrowave Devices & Circuits ( DEPARTMENTAL )
_cby S. Y. Liao
260 _c0
650 _aB
942 _cBK
999 _c16347
_d16347